000 00775nam a2200265 a 4500
008
020 _a9780755318902 (pbk.)
049 _aMAIN
090 _aHF1008
_bREE
100 1 _aReeves, Richard
245 0 4 _aThe 80 minute MBA /
_cRichard Reeves and John Knell.
260 _aLondon :
_bHeadline Publishing,
_c2009.
300 _a159 p. :
_bill. ;
_c21 cm.
500 _aIncludes bibliographic references.
650 _aManagement
_xStudy and teaching.
650 _aBusiness education
_xCurricula.
650 _aAdministration.
650 _aBusiness.
700 _aKnell, John.
907 _a.b10320465
_b11-10-13
_c11-10-12
003
005 20241125151245.0
040 _cNUST
942 _cBOOKS
_kHF1008
_mREE
_01
999 _c142182
_d142182